Statistics for Fast typing 1 - 50

Click here to take the quiz!

General Stats

  • This quiz has been taken 3 times
  • The average score is 14 of 50

Answer Stats

Numbers% Correct
1
100%
2
100%
3
100%
4
100%
5
100%
6
100%
7
100%
8
100%
10
50%
11
50%
12
50%
21
50%
22
50%
23
50%
33
50%
34
50%
43
50%
44
50%
9
50%
13
0%
14
0%
15
0%
16
0%
17
0%
18
0%
19
0%
20
0%
24
0%
25
0%
26
0%
27
0%
28
0%
29
0%
30
0%
31
0%
32
0%
35
0%
36
0%
37
0%
38
0%
39
0%
40
0%
41
0%
42
0%
45
0%
46
0%
47
0%
48
0%
49
0%
50
0%

Score Distribution

Percentile by Number Answered

Percent of People with Each Score

Your Score History

You have not taken this quiz